000 00548nam a2200193Ia 4500
005 20250423100158.0
008 250422s9999 xx 000 0 und d
020 _a0912150343, 0912150351
050 _aLB 2335.7 .S36/
100 _aSchoenfeld, Clay
245 0 _aMentor in a manual : climbing the academic ladder to tenure
250 _a2nd ed.
260 _aMadison
260 _bMagna Publications
260 _cc1994
300 _a498 p
650 _aCollege teachers --Tenure --United States --Handbooks, manuals, etc.
942 _cBK
999 _c32517
_d32517